000 00473nam a2200181 a 4500
001 1777027203957
003 YourLibrary
005 20260424161209.0
008 260424s2009##################000#0#eng##
020 _a9780735582217
082 0 4 _a344.032026STE
100 1 _aSteiner,
_eauthor.
245 1 0 _aHealth Law and Compliance 2010 :
260 _bAspen Publishers,
_c2009.
650 0 _aMedical care.
942 _cENGLISH
040 _aYourLibrary
_beng
_cYourLibrary
999 _c619897
_d619897